Pays hôtes de l'Euro (football masculin) - Statistiques

Statistiques générales
  • Ce quiz a été pris 45 fois
  • Le résultat moyen est 10 sur 19
Statistiques - réponses
Année Pays % Correct
2016 France
98%
2020 "Europe"
90%
2004 Portugal
85%
2024 Allemagne
83%
2012 Pologne, Ukraine
73%
2008 Autriche, Suisse
63%
2000 Belgique, Pays-Bas
63%
2028 Irlande, Royaume-Uni
61%
2032 Italie, Turquie
54%
1996 Angleterre
49%
1984 France
46%
1988* Allemagne de l'Ouest
44%
1964 Espagne
39%
1968 Italie
39%
1976* Yougoslavie
39%
1980 Italie
37%
1993 Suède
37%
1960 France
32%
1972 Belgique
12%
Aucun quiz correspondant
Distribution des résultats
% des personnes avec chaque résultat
Percentile par nombre de réponses
Votre historique - résultats
Vous n’avez pas pris ce quiz